000 01205cam a22003014a 4500
001 13364117
003 OSt
005 20160810084145.0
008 031006s2004 caua b 001 0 eng
010 _a 2003062039
020 _a1930190948 (soft cover)
040 _aDLC
_cDLC
_dDLC
042 _apcc
043 _an-us---
050 0 0 _aQA13
_b.R83 2003
082 0 0 _a510/.71/2
_222
100 1 _aRubenstein, Rheta N.
_q(Rheta Norma),
_d1947-
245 1 0 _aTeaching and learning middle grades mathematics /
_cRheta N. Rubenstein, Charlene E. Beckmann, Denisse R. Thompson.
260 _aEmeryville, CA :
_bKey College Pub.,
_cc2004.
300 _axxvi, 326 p. :
_bill. ;
_c28 cm. +
_e1 CD-ROM (4 3/4 in.)
504 _aIncludes bibliographical references (p. 319-321) and index.
650 0 _aMathematics
_xStudy and teaching (Middle school)
_zUnited States.
700 1 _aBeckmann, Charlene E.
700 1 _aThompson, Denisse R.
_q(Denisse Rubilee),
_d1954-
906 _a7
_bcbc
_corignew
_d1
_eocip
_f20
_gy-gencatlg
942 _2lcc
_cBOOKS
_hQA 13 .R83 2003
999 _c13109
_d13109